Curso prático de Corte e Costura (Record no. 45154)
[ view plain ]
| 000 -Etiqueta do registo | |
|---|---|
| Valores | 00449nam a2200157 4500 |
| 100 ## - Dados gerais de processamento | |
| Dados gerais | 20251117 pory50 |
| 101 ## - Língua de publicação | |
| Língua | por |
| 102 ## - País de publicação | |
| País | PT |
| 200 ## - Titulo e menção de responsabilidade | |
| Título próprio | Curso prático de Corte e Costura |
| Informação de outro título | pelo método profisssional françês |
| Primeira menção de responsabilidade | org. e prod. F. Baptista de Oliveira |
| 210 ## - Publicação | |
| Local de publicação | [Lisboa] |
| Nome do editor | Centro de Estudos por Correspondência |
| Data de publicação | [S.d.] |
| 215 ## - Descrição física | |
| Paginação / Volumes | v. |
| 675 ## - CDU | |
| Notação | 746.4(03) |
| 801 ## - Fonte de origem | |
| País | PT |
| Regras de catalogação | RPC |
| 990 ## - Elementos KOHA | |
| Tipo de documento | Livro |
| Aquisição | Empréstimo | Código de barras | Cota | Permissão de empréstimo | Tipo de documento | Nota relativa ao exemplar |
|---|---|---|---|---|---|---|
| Biblioteca Municipal de Redondo | Biblioteca Municipal de Redondo | 055860 | 746.4(03) OLI | Consulta presencial | Livro | 1.º v. |
| Biblioteca Municipal de Redondo | Biblioteca Municipal de Redondo | 055861 | 746.4(03) OLI | Consulta presencial | Livro | 2.º v. |
| Biblioteca Municipal de Redondo | Biblioteca Municipal de Redondo | 055862 | 746.4(03) OLI | Consulta presencial | Livro | 3.º v. |
| Biblioteca Municipal de Redondo | Biblioteca Municipal de Redondo | 055863 | 746.4(03) OLI | Consulta presencial | Livro | 4.º v. |
| Biblioteca Municipal de Redondo | Biblioteca Municipal de Redondo | 055864 | 746.4(03) OLI | Consulta presencial | Livro | 5.º v. |
| Biblioteca Municipal de Redondo | Biblioteca Municipal de Redondo | 055865 | 746.4(03) OLI | Consulta presencial | Livro | 6.º v. |